| 000 | 01355nam a22003857a 4500 | ||
|---|---|---|---|
| 003 | CHAP | ||
| 005 | 20220329143420.0 | ||
| 008 | 090526s2002 es a r 00010 spa d | ||
| 010 | _a96250 | ||
| 011 | _a97222 | ||
| 020 | _a8428327750 | ||
| 035 | _a107885 | ||
| 040 | _cCHAP | ||
| 082 | 0 | 4 |
_a333.750946 _bR48 |
| 245 | 0 | 0 |
_aRiqueza forestal : _bEspaña e Iberoamérica _c/por Guillermo Pardillo Mayora ...[et al.] |
| 260 |
_aMadrid : _bParaninfo, _cc2002 |
||
| 300 |
_a187 p. : _bilus. |
||
| 590 |
_aBATCH-UPD _b10 _c20130110 _lUCH01 _h0744 |
||
| 590 |
_aBATCH-UPD _b10 _c20130410 _lUCH01 _h0425 |
||
| 590 |
_aBATCH-UPD _b10 _c20130914 _lUCH01 _h0724 |
||
| 590 |
_aCONVERSION _b10 _c20130109 _lUCH01 _h1353 |
||
| 650 | 1 | 4 |
_aBosques _xCaribe. _914105 |
| 650 | 1 | 4 |
_aBosques _xEspaña. _914135 |
| 650 | 1 | 4 |
_aBosques _xHistoria. _914202 |
| 650 | 1 | 4 |
_aBosques _xLeyes. _914322 |
| 650 | 1 | 4 |
_aBosques _xTrópicos. _914401 |
| 650 | 1 | 4 |
_aRecursos forestales _xCaribe. _995039 |
| 650 | 1 | 4 |
_aRecursos forestales _xEspaña. _995047 |
| 650 | 1 | 4 |
_aRecursos forestales _xTrópicos. _995068 |
| 700 | 1 |
_aPardillo Mayora, Guillermo _985490 |
|
| 901 | _aBK | ||
| 942 | _cLIBRO | ||
| 949 |
_a333.750946 R48 _bBC _cLIBRO _d33724002092959 _eLIBRO _gI.c/e _h110841 _i107885 _sb _t$130.00 |
||
| 949 |
_a333.750946 R48 _bBC _cLIBRO _d33724002092991 _eLIBRO _fc.2 _gI.c/e _h110842 _i107885 _sb _t$130.00 |
||
| 999 |
_c96250 _d96250 |
||